000 00371nam a22001457a 4500
003 OSt
005 20160727222338.0
008 160617b xxu||||| |||| 00| 0 eng d
040 _cTEST
100 _97
_aMurray, W
245 _aSay the Sound
_b Key Words Reading Scheme
260 _aEngland
_b Teacher Pub.
300 _aSay the Sound: Key Words Reading Scheme
942 _2ddc
_cBK
999 _c7
_d7